Szczegóły MARC21

Globalizacja i regionalizacja gospodarki światowej /

003 -Nazwa inst., której nr kontr. jest w polu 001 [,]
    • @
    • Nazwa instytucji, której n kontrolny jest w polu 001
    • NUKAT
005 -DATA I CZAS OSTATNIEJ MODYFIKACJI [,]
    • @
    • pole kontrolne
    • 20241231100459.0
020 -Międzynarod. znormalizowany nr książki - ISBN [ , ]
    • a
    • Numer ISBN
    • 8371745346 Find
040 -Instytucja sporządzająca opis [ , ]
    • a
    • Instytucja, która sporządziła opis (NP)
    • WA U/98MAJ
    • c
    • Instytucja, która sporządziła rekord (NP)
    • WA U/MAJ
    • d
    • Instytucja, która zmodyfikowała rekord (P)
    • WA U/98AST
    • d
    • Instytucja, która zmodyfikowała rekord (P)
    • WA U/98MAPs
942 -Rodzaj dokumentu [ , ]
    • c
    • Rodzaj dokumentu
    • Książka
100 -Hasło główne - nazwa osobowa [1, ]
    • a
    • Nazwa osobowa (NP)
    • Gwiazda, Adam
    • d
    • Daty biograficzne (NP)
    • (1946- ).
    • 9
    • KHW
    • 57610
245 -Strefa tytułu i oznaczenia odpowiedzialności [1,0]
    • a
    • Tytuł
    • Globalizacja i regionalizacja gospodarki światowej / Find
    • c
    • Pozostałe elementy strefy tytułu i oznaczenia odpowiedzialności (NP)
    • Adam Gwiazda.
260 -Strefa adresu wydawniczego [ , ]
    • a
    • Miejsce wydania (P)
    • Toruń :
    • b
    • Nazwa wydawcy (P)
    • Wydaw. Adam Marszałek,
    • c
    • Data wydania (P)
    • 2000.
300 -Strefa opisu fizycznego [ , ]
    • a
    • Określenie formy książki i/lub objętość (NP)
    • 165 s. :
    • b
    • Oznaczenie ilustracji (NP)
    • tab., wykr. ;
    • c
    • Format (NP)
    • 21 cm.
336 -Typ zawartości [ , ]
    • a
    • Termin opisujący typ zawartości
    • Tekst
    • b
    • Kod określający zawartość
    • txt
    • 2
    • Źródło (terminu i kodu)
    • rdacontent
337 -Typ mediów [ , ]
    • a
    • Tryb odtwarzania
    • Bez urządzenia pośredniczącego
    • b
    • Kod typu mediów
    • n
    • 2
    • Źródło (terminu i kodu)
    • rdamedia
338 -Typ/rodzaj nośnika [ , ]
    • a
    • Hasło opisujące typ nośnika
    • Wolumin
    • b
    • Kod typu nośnika
    • nc
    • 2
    • Źródło (terminu i kodu)
    • rdacarrier
504 -Uwaga dot. bibliogr. załącznikowej [ , ]
    • a
    • Uwaga dot. bibliografii załącznikowej
    • Bibliogr. s. 162-165.
080 -Uniwersalna Klasyfikacja Dziesiętna [ , ]
    • a
    • Symbol klasyfikacji
    • 339.92
    • 9
    • UKD
    • 3337
    • 2
    • Identyfikator wydania tablic
    • UDC-P058
    • b
    • Dopowiedzenie
    • Międzynarodowa współpraca gospodarcza. Międzynarodowa integracja gospodarcza.
650 -Hasło przedmiotowe [ ,7]
    • a
    • Hasło przedmiotowe
    • Globalizacja.
    • 2
    • Źródło terminu
    • kaba
    • 9
    • KHW
    • 110123
650 -Hasło przedmiotowe [ ,7]
    • a
    • Hasło przedmiotowe
    • Regionalizacja ekonomiczna.
    • 2
    • Źródło terminu
    • kaba
    • 9
    • KHW
    • 127581
980 -Symbol UKD [ , ]
    • a
    • UKD
    • 339.92
710 -Hasło dodatkowe - nazwa ciała zbiorowego [2, ]
    • a
    • Nazwa ciała zbiorowego lub nazwa geograficzna jako pierwszy element (NP)
    • Wydawnictwo Adam Marszałek.
    • 4
    • Kod relacji
    • pbl
    • 9
    • KHW
    • 53600
920 -ISBN [ , ]
    • a
    • ISBN
    • 83-7174-534-6 Find
Status udost. Numer inwentarzowy Sygnatura Data inwentaryzacji Lokalizacja
-2E.67830 2001-08-22BE
-3S.89876 2002-07-05BE
-3S.89877 2002-07-05BE
-2T.5595T.55952001-08-22T
-3T.5596 2001-08-22T
-3T.6060 2001-12-07T
-3TM.9659 2013-12-04T